LEADER 01281nam a2200265 a 4500 001 000000139578 003 CaOOAMICUS 005 20140902164800.0 008 140902s1937 it u000 u ita r 040 $aPUL$bita 245 00$aCicli economici :$bcontributi dell'Istituto di scienze economiche. Serie seconda. 260 $aMilano :$bVita e pensiero,$c1937. 300 $a238 p. ;$c26 cm. 490 1 $aPubblicazioni della Università cattolica del Sacro Cuore.$aSerie 3$aScienze sociali ;$v17 504 $aBibliografia in nota. 650 4$aCicli economici.$0(OLS)http://pul/subject/19439 650 4$aEconomia$xTeorie.$0(OLS)http://pul/subject/18905 710 1 $aUniversità cattolica del Sacro Cuore.$pIstituto di scienze economiche.$0(OLS)http://pul/name/89993 830 0$aPubblicazioni della Università cattolica del Sacro Cuore.$nSerie 3,$pScienze sociali ;$v17.$0(OLS)http://pul/title/19594 850 $aPUL 852 $aPUL$W1$xDP2 Diritto Canonico 1$y64$m167 D 15.17$j161198$qStampati$B160664$CPULBib$Z2$F160664 $82 941 1 $a8 996 $6245$aCicli economici :$bcontributi dell'Istituto di scienze economiche. Serie seconda$9(OLS)http://pul/title/176688 996 $6260$aMilano :$bVita e pensiero$9(OLS)http://pul/publisher/48016 LEADER 01271nam a2200253 a 4500 001 000000143421 003 CaOOAMICUS 005 20150519144608.0 008 150519s1922 gw u000 u ger r 040 $aPUL$bita 100 1 $aDoergens, Heinrich.$0(OLS)http://pul/name/92145 245 10$aEusebius von Caesarea als Darsteller der griechischen Religion :$beine Studie zur Geschichte der altchristlichen Apologetik /$cvon Dr. Heinrich Doergens. 260 $aPaderborn :$bSchöningh,$c1922. 300 $aXII, 133 p. ;$c24 cm 490 1 $aForschungen zur Christlichen Literatur- und Dogmengeschichte ;$v14, 3 600 04$aEusebius Caesariensis,$cvesc.,$d260/265-339/340.$0(OLS)http://pul/subject/7900 830 0$aForschungen zur Christlichen Literatur- und Dogmengeschichte ;$v14, 3.$0(OLS)http://pul/title/19816 850 $aPUL 852 $aPUL$W1$xDP2 Religione 1$y63$m24 A 8.14.3$j165559$qStampati$B165823$CPULBib$Z2$F165823 $82 941 1 $a8 961 $aPrecedenti collocazioni: 99 E 35. 996 $6245$aEusebius von Caesarea als Darsteller der griechischen Religion :$beine Studie zur Geschichte der altchristlichen Apologetik$9(OLS)http://pul/title/181465 996 $6260$aPaderborn :$bSchöningh$9(OLS)http://pul/publisher/52607 LEADER 02073nam a2200337 a 4500 001 000000152512 003 CaOOAMICUS 005 20160622135008.0 008 160622s2016 it aed u000 u ita r 020 $a978-88-6809-095-1 (set)* 032 $aLibriCat 040 $aPUL$bita 041 0 $aita$aeng$afre$ager$aspa 110 2 $aCentro italiano di studi sull'alto Medioevo.$bSettimana$n(63 :$d2015 :$cSpoleto).$0(OLS)http://pul/name/97144 245 12$aL'alimentazione nell'Alto Medioevo: pratiche, simboli, ideologie :$bSettimane di studio della Fondazione Centro italiano di studi sull'Alto Medioevo: Spoleto, 9-14 aprile 2015. 260 $aSpoleto :$bCentro italiano di studi sull'alto Medioevo,$c©2016. 300 $a2 v. :$bill., grafici, piante ;$c25 cm. 490 1 $aSettimane di studio della Fondazione Centro italiano di studi sull'alto Medioevo ;$v63 504 $aBibliografia in nota. 546 $aInterventi in italiano, inglese, francese, spagnolo e tedesco. 650 04$aAlimentazione$xStoria$yEvo medio.$0(OLS)http://pul/subject/11861 830 0$aSettimane di studio della Fondazione Centro italiano di studi sull'alto Medioevo ;$v63.$0(OLS)http://pul/title/162978 850 $aPUL 852 $aPUL$W1$xDP1 Cons. Gen., Altre Classi 1$y22$m392 A 63.1$j175526$bv. 1$qStampati$B177947$CPULBib$Z2$F177947 $H127921 $81 852 $aPUL$W1$xDP1 Cons. Gen., Altre Classi 1$y22$m392 A 63.2$j175528$bv. 2$qStampati$B177949$CPULBib$Z2$F177949 $H127922 $81 941 1 $a8 983 0$aSettimane di studio del Centro italiano di studi sull'alto Medioevo. 996 $6020$a978-88-6809-095-1 (set)*$9(OLS)http://pul/number/160542 996 $6245$aL'alimentazione nell'Alto Medioevo: pratiche, simboli, ideologie :$bSettimane di studio della Fondazione Centro italiano di studi sull'Alto Medioevo: Spoleto, 9-14 aprile 2015$9(OLS)http://pul/title/191924 996 $6260$aSpoleto :$bCentro italiano di studi sull'alto Medioevo$9(OLS)http://pul/publisher/48572 LEADER 01748nam a2200337 u 4500 001 000000120204 003 CaOOAMICUS 005 20100222152920.0 008 100222s1985 be u000 u lat u 040 $aPUL$bita$delep 041 0 $alat$afre 100 0 $aVictricius,$carciv. di Rouen,$dm. c. 407.$0(OLS)http://pul/name/9942 240 10$aDe laude Sanctorum.$lLatino.$0(OLS)http://pul/title/151197 245 10$aVictricii Rotomagensis De laude Sanctorum/$ccura et studio I. Mulders S.J. et R. Demeulenaere. 260 $aTurnholti :$bBrepols,$c1985. 300 $a523 p. ;$c26 cm 490 1 $aCorpus Christianorum.$aSeries Latina ;$v64 500 $aIl vol. contiene opere di diversi autori, con front. proprio. 500 $aInclude indici. 500 $aL'opera è pubblicata alle pagine: [53]-93. 504 $aContiene indicazioni bibliografiche. 546 $aTesto in latino, prefazione in francese. 700 1 $aDemeulenaere, Roland.$0(OLS)http://pul/name/6 776 1 $tScriptores minores Galliae.$dTurnholti : Brepols, 1985.$kCorpus Christianorum. Instrumnta Lexiicologica Latina. Series A$w()123769 777 1 $aFoebadius, vesc. di Agen sec. IV.$tFoebadi Aginnensis Liber contra Arrianos.$dTurnholti : Brepols, 1985.$kCorpus Christianorum. Series Latina$z2-503-00642-6$w()10102 830 0$aCorpus Christianorum.$pSeries Latina ;$v64.$0(OLS)http://pul/title/474 850 $aPUL 852 $aPUL$W1$xSL Cons. Gen., Altre Classi 1$y1$m2008 A 1.64 int.1$j137838$qStampati$B136982$CPULBib$Z2$F136982 $H53264 $82 941 1 $a8 996 $6245$aVictricii Rotomagensis De laude Sanctorum/$9(OLS)http://pul/title/151196 996 $6260$aTurnholti :$bBrepols$9(OLS)http://pul/publisher/47842